| 000 | 00462nam a22001457a 4500 | ||
|---|---|---|---|
| 008 | 230328b |||||||| |||| 00| 0 eng d | ||
| 040 |
_aNational Science Library _cNational Science Library |
||
| 080 |
_aR 92 _bP3 |
||
| 245 |
_aContemporary Who's Who _c/ American Biographical Institute, Inc. |
||
| 260 |
_aUSA: _bAmerican Biographical Institute, Inc., _c2003 |
||
| 300 | _alxxiii, 503p. | ||
| 650 | _aBiography | ||
| 653 | _aMatthias Beck | ||
| 942 |
_2udc _cREF |
||
| 999 |
_c15850 _d15850 |
||